Ekonomické aspekty cestovného ruchu v Chorvátskej republike a v SR

Salvato in:
Dettagli Bibliografici
Autore principale: Buha, Anita
Natura: Capitolo di libro
Lingua:slovacco
Tags: Aggiungi Tag
Nessun Tag, puoi essere il primo ad aggiungerne!!

MARC

LEADER 00000naa$a2200000$$$4500
001 0064406
005 20240502071744.6
041 0 |a slo 
044 |a SK 
245 1 0 |a Ekonomické aspekty cestovného ruchu v Chorvátskej republike a v SR  |c Anita Buha 
100 1 |a Buha, Anita